[Event "RSA-chT U20A"]
[Site "Boksburg"]
[Date "2018.12.17"]
[Round "4.1"]
[White "Chimbwanda, Panashe"]
[Black "Swart, George"]
[Result "1-0"]
[WhiteElo "1703"]
[BlackElo "1494"]
[PlyCount "71"]
[EventDate "2018.12.16"]
[EventType "team-tourn"]
[EventRounds "7"]
[EventCountry "RSA"]
[SourceTitle "EXT 2020"]
[Source "ChessBase"]
[SourceDate "2019.10.17"]
[SourceVersion "1"]
[SourceVersionDate "2019.10.17"]
[SourceQuality "1"]
[WhiteTeam "Johannesburg Metro U20"]
[BlackTeam "Eden District U20"]
[WhiteTeamCountry "RSA"]
[BlackTeamCountry "RSA"]

1. d4 d5 2. c4 c6 3. Nf3 Nf6 4. g3 e6 5. Bg2 Bd6 6. 0-0 0-0 7. Qc2 Ne4 8. Nc3 f5 9. Rd1 Nd7 10. Ne1 b6 11. f3 Nxc3 12. Qxc3 a5 13. Nd3 Qe7 14. e4 fxe4 15. fxe4 Bb7 16. Bf4 Bxf4 17. Nxf4 g5 18. exd5 cxd5 19. Nh3 h6 20. Re1 Rac8 21. b3 Qf7 22. Qe3 Rce8 23. Qd2 Qg6 24. Re3 Nf6 25. Nf2 h5 26. Re5 Nh7 27. cxd5 exd5 28. Bxd5+ Bxd5 29. Rxd5 Rf5 30. Qd3 Ref8 31. Rc1 Qe6 32. Rxf5 Qxf5 33. Qxf5 Rxf5 34. Ne4 Nf6 35. Rc8+ Kg7 36. Rc7+ 1-0

[Event "RSA-chT U20A"]
[Site "Boksburg"]
[Date "2018.12.16"]
[Round "2.1"]
[White "Chimbwanda, Panashe"]
[Black "Thabana, Tekano"]
[Result "1-0"]
[WhiteElo "1703"]
[BlackElo "1768"]
[PlyCount "77"]
[EventDate "2018.12.16"]
[EventType "team-tourn"]
[EventRounds "7"]
[EventCountry "RSA"]
[SourceTitle "EXT 2020"]
[Source "ChessBase"]
[SourceDate "2019.10.17"]
[SourceVersion "1"]
[SourceVersionDate "2019.10.17"]
[SourceQuality "1"]
[WhiteTeam "Johannesburg Metro U20"]
[BlackTeam "Ekurhuleni U20"]
[WhiteTeamCountry "RSA"]
[BlackTeamCountry "RSA"]

1. d4 Nf6 2. c4 e6 3. Nc3 Bb4 4. Qc2 c5 5. e3 0-0 6. Bd3 d5 7. a3 cxd4 8. axb4 dxc3 9. bxc3 dxc4 10. Bxc4 Qc7 11. Bd3 e5 12. Ne2 Qc6 13. Ng3 Qxg2 14. Bb2 Bg4 15. h3 Bh5 16. Nxh5 Qxh1+ 17. Ke2 Qxh3 18. Nxf6+ gxf6 19. Be4 Nc6 20. Rh1 Qg4+ 21. Kf1 f5 22. f3 Qg3 23. Bxc6 Kh8 24. Qxf5 Qg6 25. Qxg6 fxg6 26. Bxb7 Rab8 27. Bd5 h5 28. c4 Rxb4 29. Bxe5+ Kh7 30. Be4 Kh6 31. Bd6 Rfb8 32. Bxb8 Rxb8 33. c5 g5 34. Kg2 g4 35. fxg4 Kg5 36. gxh5 Kh6 37. c6 Rb4 38. Bd5 Rb5 39. Rc1 1-0

[Event "RSA Inter Regional-ch"]
[Site "Boksburg"]
[Date "2018.12.12"]
[Round "7.1"]
[White "Solomons, Deon"]
[Black "Chimbwanda, Panashe"]
[Result "1-0"]
[WhiteElo "2074"]
[BlackElo "1794"]
[PlyCount "73"]
[EventDate "2018.01.09"]
[EventType "team-swiss"]
[EventRounds "7"]
[EventCountry "RSA"]
[SourceTitle "CBM 189 Extra"]
[Source "ChessBase"]
[SourceDate "2019.06.03"]
[SourceVersion "1"]
[SourceVersionDate "2019.06.03"]
[SourceQuality "1"]
[WhiteTeam "Western Province A"]
[BlackTeam "Sedibeng Home Lovers"]
[WhiteTeamCountry "RSA"]
[BlackTeamCountry "RSA"]

1. Nf3 d5 2. g3 Nf6 3. Bg2 g6 4. 0-0 Bg7 5. d3 0-0 6. Nbd2 c5 7. e4 dxe4 8. dxe4 Nc6 9. Re1 e5 10. c3 Be6 11. Qe2 Qc7 12. h3 Rfe8 13. Ng5 b6 14. Nxe6 Rxe6 15. Nc4 b5 16. Ne3 c4 17. a4 b4 18. Qxc4 bxc3 19. bxc3 Rc8 20. Nd5 Qb8 21. Qb5 a6 22. Qxb8 Rxb8 23. Nc7 Re7 24. Nxa6 Rb3 25. Be3 Na5 26. Bc5 Re8 27. Bf1 Rb2 28. Ba3 Rc2 29. Bb5 Rc8 30. Rab1 Bf8 31. Bb4 Nc4 32. Rbc1 Rxc1 33. Rxc1 Nd2 34. Bxf8 Kxf8 35. c4 Nfxe4 36. Nb4 Nxc4 37. Rxc4 1-0

[Event "RSA Inter Regional-ch"]
[Site "Boksburg"]
[Date "2018.01.09"]
[Round "1.1"]
[White "Choko, Siyabonga V"]
[Black "Chimbwanda, Panashe"]
[Result "1-0"]
[WhiteElo "1985"]
[BlackElo "1794"]
[PlyCount "61"]
[EventDate "2018.01.09"]
[EventType "team-swiss"]
[EventRounds "7"]
[EventCountry "RSA"]
[SourceTitle "CBM 189 Extra"]
[Source "ChessBase"]
[SourceDate "2019.06.03"]
[SourceVersion "1"]
[SourceVersionDate "2019.06.03"]
[SourceQuality "1"]
[WhiteTeam "Sedibeng Chocolate"]
[BlackTeam "Sedibeng Home Lovers"]
[WhiteTeamCountry "RSA"]
[BlackTeamCountry "RSA"]

1. e4 c5 2. Nc3 Nc6 3. f4 e6 4. Nf3 Be7 5. Bc4 d6 6. 0-0 Na5 7. d3 Nxc4 8. dxc4 Nf6 9. Qe2 0-0 10. b3 Bd7 11. Bb2 Bc6 12. Rad1 Qc7 13. e5 Nd7 14. Ne4 dxe5 15. fxe5 Bxe4 16. Qxe4 Rad8 17. Rd3 Nb8 18. Re3 Nc6 19. Ne1 Nd4 20. Rh3 h6 21. Bc1 Qc6 22. Qg4 Nf5 23. Nf3 Kh7 24. Qf4 Rg8 25. Ng5+ Bxg5 26. Qxg5 Rh8 27. g4 f6 28. exf6 gxf6 29. Rxh6+ Nxh6 30. Qxh6+ Kg8 31. Qg6+ 1-0